Cryptosporidium (Registro nro. 315788)

Detalles MARC
000 -ENCABEZADO
Número de control [NR] 00803 a2200229 4500
005 - FECHA Y HORA DE LA ÚLTIMA TRANSACCIÓN
control field 20191120122729.0
008 - DE LONGITUD FIJA DE DATOS DE ELEMENTOS - INFORMACIÓN GENERAL
Elementos de longitud fija [NR] 191120s2020 nyu||||| |||| 00| 0 eng d
020 ## - NUMERO INTERNACIONAL NORMALIZADO PARA LIBROS [R]
Número Internacional Normalizado del libro [NR] 9781493997473
040 ## - FUENTE DE CATALOGACION [NR]
Agencia de catalogación original [NR] CO-BoUCM
Idioma de catalogación [NR] spa
Quien Cataloga Saul Niño
Quien Clasifica Saul Niño
041 0# - CODIGO DE IDIOMA [R]
Código de idioma para texto/pista de sonido o título separado [R] Inglés
060 ## - SIGNATURA TOPOGRAFICA DE LA BIBLIOTECA NACIONAL DE MEDICINA (NLM) [R]
Número clasificador [R] QW 20.5
245 00 - MENCION DE TITULO [NR]
Título [NR] Cryptosporidium
Parte restante del título [NR] methods and protocols
Mención de responsabilidad, etc. [NR] Edited by Jan R Mead, Michael J. Arrowood
260 ## - PUBLICACION, DISTRIBUCION, ETC. (PIE DE IMPRENTA) [R]
Lugar de publicación, distribución, etc. [R] New York
Nombre del editor, distribuidor, etc. [R] Humana Press
-- [Springer]
Fecha de publicación, distribución, etc. [R] 2020
300 ## - DESCRIPCION FISICA [R]
Extensión [R] 407 páginas
490 0# - MENCION DE SERIE [R]
Mención de serie [R] Methods in molecular biology (Clifton, N.J.)
546 ## - NOTA DE IDIOMA [R]
Nota de idioma [NR] Texto en inglés
650 #7 - ASIENTO SECUNDARIO DE MATERIA - TERMINO TEMATICO [R]
9 (RLIN) 17547
Término temático o nombre geográfico como elemento de entrada [NR] Infecciones por protozoarios
Subdivisión general [R] Métodos
650 #7 - ASIENTO SECUNDARIO DE MATERIA - TERMINO TEMATICO [R]
9 (RLIN) 19480
Término temático o nombre geográfico como elemento de entrada [NR] Microbiología
Subdivisión general [R] Investigaciones
700 10 - ASIENTO SECUNDARIO - NOMBRE PERSONAL [R]
Nombre personal [NR] Arrowood, Michael J.
Término de relación [R] editor
9 (RLIN) 99288
942 ## - ELEMENTOS DE ENTRADA AGREGADOS (KOHA)
Tipo de ítem principal el descrito en 300a Libro
Sistema de clasificación NLM
Tema principal Ciencias aplicadas
Edición 1
Clasificación QW 20.5
Parte restante de la signatura top. C957c
Existencias
Fecha de último préstamo Total préstamos Signatura topográfica Código de barras Última vez visto Ejemplar Costo de reposición Price effective from Tipo de ítem Perdido Sistema de clasificación Dañado No prestable Tipo de ítem específico Suprimido Ubicación habitual Ubicación actual Localización Fecha de creación Proveedor Forma de adquisición Costo
18/02/2020 3 QW 20.5 C957c 100165186 12/12/2025 Ej.1 650000.00 14/11/2019 Libro   NLM     Libro   Quinta de Mutis Quinta de Mutis 1er piso 14/11/2019 26 Compra 650000.00